Essential Dental Public Health (Record no. 22822)

MARC details
000 -LEADER
fixed length control field 00399nam a22001697a 4500
003 - CONTROL NUMBER IDENTIFIER
control field SGT
020 ## - INTERNATIONAL STANDARD BOOK NUMBER
International Standard Book Number 9780199679379
082 ## - DEWEY DECIMAL CLASSIFICATION NUMBER
Classification number 616.0757
Item number P19C
100 ## - MAIN ENTRY--PERSONAL NAME
Personal name Daly, Blanaid..[et. al.]
245 ## - TITLE STATEMENT
Title Essential Dental Public Health
250 ## - EDITION STATEMENT
Edition statement 2nd
260 ## - PUBLICATION, DISTRIBUTION, ETC. (IMPRINT)
Name of publisher, distributor, etc Oxford Univ. press
Year of Publication 2013
300 ## - PAGE DESCRIPTION
No. of Pages 253
650 ## - SUBJECT ADDED ENTRY--TOPICAL TERM
Topical term or geographic name as entry element Dental Public Health
653 ## - KEYWORDS--INDEX TERM
Keyword term Dental Public Health
942 ## - ADDED ENTRY ELEMENTS (KOHA)
Source of classification or shelving scheme Dewey Decimal Classification
Koha item type Books
Holdings
Withdrawn status Lost status Source of classification or shelving scheme Damaged status Not for loan Home library Current library Date acquired Vendor Name Cost, normal purchase price SGTU Bill Number Full call number Accession No. (Barcode) Date last seen Bill Date Koha item type
    Dewey Decimal Classification   Not For Loan SGT Dental Library SGT Dental Library 10/06/2022 Ahuja Book Co. Pvt. Ltd. 3247.00 SGTU 14353 616.0757 P19C FD8889 06/09/2023 16/04/2022 Books
    Dewey Decimal Classification     SGT Dental Library SGT Dental Library 10/06/2022 Ahuja Book Co. Pvt. Ltd. 3247.00 SGTU 14353 616.0757 P19C FD8890 10/06/2022 16/04/2022 Books